Metrologické zabezpečenie prechodu na zelenú ekonomiku v podmienkach Slovenskej republiky

Gespeichert in:
Bibliographische Detailangaben
1. Verfasser: Vozárová, Jana (Verfasst von)
Weitere Verfasser: Halaj, Martin (Betreuung Doktorarbeit)
Format: Manuskript Buch
Sprache:Slowakisch
Veröffentlicht: 2025
Schlagworte:
Online-Zugang:http://is.stuba.sk/zp/portal_zp.pl?podrobnosti=185030
Tags: Tag hinzufügen
Keine Tags, Fügen Sie das erste Tag hinzu!

MARC

LEADER 00000ntm a22000003a 4500
001 stuzp104753
003 SK-STU
005 20250621210333.3
007 ta
008 150427s2015----xo-----f-mn---000-0-slo-d
040 |a STU  |b slo 
041 0 |a slo 
100 1 |a Vozárová, Jana  |u 020020  |4 aut  |U SjF Strojnícka fakulta  |T SjF Ústav automatizácie, informatizácie a merania  |X 110736  |U J0020  |Y 802  |7 110736 
242 0 1 |a Metrological assurance of the transition to a green economy in the conditions of the Slovak Republic  |y eng 
245 1 0 |a Metrologické zabezpečenie prechodu na zelenú ekonomiku v podmienkach Slovenskej republiky 
260 |c 2025 
650 4 |a zelená ekonomika  |2 slo 
650 4 |a metrológia  |2 slo 
650 4 |a Európska zelená dohoda  |2 slo 
650 4 |a Metrology  |2 eng 
650 4 |a European Green Deal  |2 eng 
650 4 |a Green Economy  |2 eng 
700 1 |a Halaj, Martin  |u 020020  |k Z1  |4 ths  |U SjF Strojnícka fakulta  |T SjF Ústav automatizácie, informatizácie a merania  |X 2317  |U J0020  |Y 802  |7 A000002317 
856 4 |u http://is.stuba.sk/zp/portal_zp.pl?podrobnosti=185030